| 000 | 01682nam a2200217Ia 4500 | ||
|---|---|---|---|
| 003 | Ost | ||
| 005 | 20260507075736.0 | ||
| 008 | 260507s9999||||xx |||||||||||||| ||und|| | ||
| 020 | _a99906/1/072/8 | ||
| 040 | _cfsecg | ||
| 041 | _aara | ||
| 082 | _a330.121 | ||
| 100 |
_aالبدوي، إسماعيل إبراهيم _eمؤلف |
||
| 245 | 0 |
_aعناصر الانتاج في الإقتصاد الإسلامي والإقتصاد الوضعي : _bدراسة مقارنة / _c إسماعيل إبراهيم البدوي |
|
| 260 |
_aالكويت: _bمجلس النشر العلمي, _c2002 |
||
| 300 |
_a450 صفحة؛ _c24 سم |
||
| 504 | _aببليوغرافيا: ص.442 | ||
| 520 | _aماهية علم الاقتصاد يحتوي على تعريفات علم الاقتصاد،نشأة علم الاقتصاد،وموضوعه وأهدافه،وتمييزه عن النظام الاقتصادي والسياسة الاقتصادية،الانتاج وعناصره ويحتوي أهداف الانتاج،عناصر الانتاج،الأرض في الاقتصاد الاسلامي والاقتصاد الوضعي،الأرض في الاقتصاد الوضعي،الموارد الاقتصادية في الاقتصاد الاسلامي،العمل في الاقتصاد الاسلامي والنظم المعاصرة،العمل في النظم المعاصرة،العمل في الشريعة الاسلامية،رأس المال في الاقتصاد الإسلامي والإقتصاد الوضعي،التنظيم والإدارة في الاقتصاد الاسلامي والاقتصاد الوضعي | ||
| 653 | _aالاقتصاد الاسلامي | ||
| 942 | _cكتاب | ||
| 999 |
_c46089 _d46089 |
||